LEADER 00983nam0-22003371i-450- 001 990002023950403321 005 20021010 010 $a83-01-06736-5 035 $a000202395 035 $aFED01000202395 035 $a(Aleph)000202395FED01 035 $a000202395 100 $a20021010d--------km-y0itay50------ba 101 0 $aita 200 1 $aColeoptera$eCucujoidea II.$fBoleslaw Burakowski, Maciej Mroczkowski, Janina Stefanska 210 $aVarsavia$cPantswowe Wydawnictwo Nauko we$d1986 215 $a278 p.$d25 cm -(Katalogu Fauny Polski$d44) 610 0 $aColeotteri 610 0 $aColeotteri Cucujoidea 676 $a595.764 700 1$aBurakowski,$bBoleslaw$0360243 702 1$aMroczkowski,$bMaciej 702 1$aStefanska,$bJanina 801 0$aIT$bUNINA$gRICA$2UNIMARC 901 $aBK 912 $a990002023950403321 952 $a61 V A.6/104.13$b2395 (3/5/96)$fDAGEN 959 $aDAGEN 996 $aColeoptera$9404596 997 $aUNINA DB $aING01 LEADER 01106oam 2200337Ia 450 001 9910704313803321 005 20130212154250.0 035 $a(CKB)5470000002440551 035 $a(OCoLC)827110959 035 $a(EXLCZ)995470000002440551 100 $a20130209d2012 ua 0 101 0 $aeng 135 $aurmn||||||||| 181 $ctxt$2rdacontent 182 $cc$2rdamedia 183 $acr$2rdacarrier 200 10$aHomeland security$b[electronic resource] $eDHS requires more disciplined investment management to help meet mission needs : report to congressional requesters 210 1$a[Washington, D.C.] :$cU.S. Govt. Accountability Office,$d[2012] 215 $a1 online resource (iii, 105 pages) $cillustrations 300 $aTitle from title screen (viewed Feb. 9, 2013). 300 $a"September 2012." 300 $a"GAO-12-833." 320 $aIncludes bibliographical references. 517 $aHomeland security 801 0$bDID 801 1$bDID 801 2$bGPO 906 $aBOOK 912 $a9910704313803321 996 $aHomeland Security$91686681 997 $aUNINA LEADER 05435nam 2200985 450 001 9910808314503321 005 20230807204601.0 010 $a0-520-95960-4 024 7 $a10.1525/9780520959606 035 $a(CKB)2670000000582901 035 $a(EBL)1711031 035 $a(SSID)ssj0001381577 035 $a(PQKBManifestationID)12464151 035 $a(PQKBTitleCode)TC0001381577 035 $a(PQKBWorkID)11437215 035 $a(PQKB)11342197 035 $a(StDuBDS)EDZ0001100796 035 $a(MiAaPQ)EBC1711031 035 $a(DE-B1597)519259 035 $a(OCoLC)897907101 035 $a(DE-B1597)9780520959606 035 $a(Au-PeEL)EBL1711031 035 $a(CaPaEBR)ebr10994724 035 $a(CaONFJC)MIL672480 035 $a(EXLCZ)992670000000582901 100 $a20141215h20152015 uy 0 101 0 $aeng 135 $aur|nu---|u||u 181 $ctxt 182 $cc 183 $acr 200 00$aMarine historical ecology in conservation $eapplying the past to manage for the future /$fedited by John N. Kittinger [and three others] ; Daniel Pauly, foreword 210 1$a[Berkeley, California] :$cUniversity of California Press,$d2015. 210 4$d©2015 215 $a1 online resource (310 p.) 225 0 $aThe Stephen Bechtel Fund imprint in ecology and the environment Marine historical ecology in conservation 300 $aIncludes index. 311 $a0-520-27694-9 311 $a1-322-41198-0 320 $aIncludes bibliographical references and index. 327 $tFront matter --$tCONTENTS --$tCHAPTER CONTRIBUTORS --$tVIEWPOINT CONTRIBUTORS --$tFOREWORD --$tACKNOWLEDGMENTS --$t1. Managing Human Legacies in a Changing Sea: An Introduction --$t2. What Recovery of Exploited Marine Animals Tells Us about Management and Conservation --$t3. Natural or Anthropogenic? Novel Community Reassembly after Historical Overharvest of Pacific Coast Pinnipeds --$t4. Using Disparate Datasets to Reconstruct Historical Baselines of Animal Populations --$t5. Improving Fisheries Assessments Using Historical Data: Stock Status and Catch Limits --$t6. Understanding Fisheries through Historical Reconstructions: Implications for Fishery Management and Policy --$t7. Back to the Future: Integrating Customary Practices and Institutions into Comanagement of Small-scale Fisheries --$t8. Historical Information for Ecological Restoration in Estuaries and Coastal Ecosystems --$t9. Estimates of Historical Ecosystem Service Provision Can Guide Restoration Efforts --$t10. Incorporating Historical Perspectives into Systematic Marine Conservation Planning --$t11. Engaging Public Interest in the Ocean of the Past: The Promise of New Media --$t12. Choice without Memory: Uncovering the Narrative Potential of Historical Ecology --$tINDEX 330 $aThis pioneering volume provides a blueprint for managing the challenges of ocean conservation using marine historical ecology-an interdisciplinary area of study that is helping society to gain a more in-depth understanding of past human-environmental interactions in coastal and marine ecosystems and of the ecological and social outcomes associated with these interactions. Developed by groundbreaking practitioners in the field, Marine Historical Ecology in Conservation highlights the innovative ways that historical ecology can be applied to improve conservation and management efforts in the oceans. The book focuses on four key challenges that confront marine conservation: (1) recovering endangered species, (2) conserving fisheries, (3) restoring ecosystems, and (4) engaging the public. Chapters emphasize real-world conservation scenarios appropriate for students, faculty, researchers, and practitioners in marine science, conservation biology, natural resource management, paleoecology, and marine and coastal archaeology. By focusing on success stories and applied solutions, this volume delivers the required up-to-date science and tools needed for restoration and protection of ocean and coastal ecosystems. 606 $aMarine ecology 606 $aHuman ecology 610 $acoastal archaeology. 610 $acoastal ecosystems. 610 $aconservation biology. 610 $aconservation. 610 $aconservationism. 610 $aecological outcomes. 610 $aecology. 610 $aecosystems. 610 $aendangered species. 610 $aengaging the public. 610 $afisheries. 610 $ahistorical ecology. 610 $ahistorical. 610 $ahistory. 610 $ainterdisciplinary. 610 $amarine archaeology. 610 $amarine ecosystems. 610 $amarine historical ecology. 610 $amarine science. 610 $anatural resource management. 610 $anatural sciences. 610 $aocean conservation. 610 $aocean management. 610 $aocean. 610 $apaleoecology. 610 $apast human environment interactions. 610 $areal world scenarios. 610 $ascience. 610 $asocial outcomes. 615 0$aMarine ecology. 615 0$aHuman ecology. 676 $a577.7 702 $aKittinger$b John Nils 702 $aPauly$b D$g(Daniel), 801 0$bMiAaPQ 801 1$bMiAaPQ 801 2$bMiAaPQ 906 $aBOOK 912 $a9910808314503321 996 $aMarine historical ecology in conservation$94044520 997 $aUNINA